000 00925nam a22002295i 4500
001 48438
003 ES-MaACL
005 20230906161743.0
007 t|
008 950905s1900 sp ||||1| spa d
040 _aCAM
_bspa
_cCAM
245 0 0 _aReal decreto de creación del Instituto de Sueroterapia, Vacunación y Bacteriología de Alfonso XIII y reglamento para su aplicación...
250 _aEd. oficial.
260 _aMadrid :
_bDirección General de Sanidad,
_c1900 (
_fImp. de la Sucesora de M. Minuesa de los Ríos)
300 _a24 p. ;
_c23 cm.
500 _aPrecede al título: Ministerio de la Gobernación, Dirección General de Sanidad.
710 1 _aEspaña.
_bDirección General de Sanidad.
_93905
710 2 _aInstituto de Sueroterapia, Vacunación y Bacteriología de Alfonso XIII.
_95012
852 _aES-MaACL
_jT-1009-F-4
852 _aES-MaACL
_jFol-Laf-235
852 _aES-MaACL
_jT-1045-F-15
999 _c48438
_d48438